000 00994nam0a22002531 4500
001 rc\381063
005 20030307122954.6
035 _a(NLR Aleph) 005578891
090 _a6090893
_c6090893
100 _a20030307d1989 u |0rusy50 ca
101 0 _arus
102 _aRU
105 _aa |||||||||
200 1 _aАзотсодержащие органические соединения
_eТекст лекций
_fМ-во здравоохранения УССР, Респ. метод. каб. по высш. мед. образованию, Харьк. гос. фармац. ин-т
210 _aКиев
_cРМК по ВМО
_d1989
215 _a77, [1] с.
_cил.
_d20
320 _aБиблиогр.: с. 77 (10 назв.)
700 1 _aЧерных
_bВ. П.
_gВалентин Петрович
701 1 _aЗименковский
_bБ. С.
_gБорис Семенович
801 0 _aRU
_bNLR
_gpsbo
801 1 _aRU
_bELAR
_2rusmarc
852 _aNLR
_j89-4/9163
942 _cBOOK
980 _aNB